| 000 | 00744nam a2200229Ii 4500 | ||
|---|---|---|---|
| 003 | JO-AjNU | ||
| 008 | 230605s9999||||xx |||||||||||||| ||und|| | ||
| 017 | _a1998/11999 | ||
| 020 | _a977-01-5925-5 | ||
| 040 |
_aJO-AjNU _bara _erda _cJO-AjNU |
||
| 041 | _aara | ||
| 050 | 1 | 4 | _aTD174 1998 |
| 100 | 3 |
_aحجو، عبدالمقصود, _eauthor _921042 |
|
| 245 | 0 | 0 | _aالتلوث الكهرو مغناطيسي |
| 264 | 3 | 1 | _aالقاهرة:الهيئة المصرية العامة، 1988 |
| 300 | _a112ص | ||
| 336 |
_atext _btxt _2rdacontent |
||
| 337 |
_aunmediated _bn _2rdamedia |
||
| 338 |
_avolume _bnc _2rdacarrier |
||
| 490 | 0 | _aسلسلة العلم والحياة 108 | |
| 650 | 4 |
_aالتلوث الكهرومغناطيسي _921043 |
|
| 999 |
_aA7244 _c10812 _d10812 |
||